Informative assessment : (Record no. 24710)
[ view plain ]
| 000 -LEADER | |
|---|---|
| fixed length control field | 00769nam a2200241 a 4500 |
| 005 - DATE AND TIME OF LATEST TRANSACTION | |
| control field | 20140310183535.0 |
| 008 - FIXED-LENGTH DATA ELEMENTS--GENERAL INFORMATION | |
| fixed length control field | 111011s19uu xx 00 eng d |
| 010 ## - LIBRARY OF CONGRESS CONTROL NUMBER | |
| LC control number | 2009010939 |
| 020 ## - INTERNATIONAL STANDARD BOOK NUMBER | |
| International Standard Book Number | 9781412975421 |
| 050 ## - LIBRARY OF CONGRESS CALL NUMBER | |
| Classification number | LB 3051 |
| Item number | .F643 2009 |
| 100 ## - MAIN ENTRY--PERSONAL NAME | |
| Personal name | Fogarty, Robin |
| 245 ## - TITLE STATEMENT | |
| Title | Informative assessment : |
| Remainder of title | when it�s not about a grade / |
| Statement of responsibility, etc | Robin J. Fogarty, Gene M. Kerns. |
| 260 ## - PUBLICATION, DISTRIBUTION, ETC. (IMPRINT) | |
| Place of publication, distribution, etc | Thousand Oaks, Calif : |
| Name of publisher, distributor, etc | Corwin Press, |
| Date of publication, distribution, etc | 2009. |
| 300 ## - PHYSICAL DESCRIPTION | |
| Extent | xxix, 105 p. |
| Other physical details | : ill. ; |
| Dimensions | 23 cm. |
| 440 ## - SERIES STATEMENT/ADDED ENTRY--TITLE | |
| Title | In a nutshell series |
| 500 ## - GENERAL NOTE | |
| General note | Includes bibliographical references and index. |
| 521 ## - TARGET AUDIENCE NOTE | |
| Target audience note | |
| 650 ## - SUBJECT ADDED ENTRY--TOPICAL TERM | |
| Topical term or geographic name as entry element | Educational tests and measurements |
| 650 ## - SUBJECT ADDED ENTRY--TOPICAL TERM | |
| Topical term or geographic name as entry element | Effective teaching |
| 700 ## - ADDED ENTRY--PERSONAL NAME | |
| Personal name | Kerns, Gene M. |
| 942 ## - ADDED ENTRY ELEMENTS (KOHA) | |
| Koha item type | Books |
| Source of classification or shelving scheme | Library of Congress Classification |
| Call number prefix | Foreign |
| Withdrawn status | Lost status | Source of classification or shelving scheme | Damaged status | Home library | Current library | Shelving location | Date acquired | Source of acquisition | Total Checkouts | Full call number | Barcode | Date last seen | Copy number | Price effective from | Koha item type |
|---|---|---|---|---|---|---|---|---|---|---|---|---|---|---|---|
| Library of Congress Classification | College Library | College Library | General Circulation Section | 01/15/2014 | Donation | LB 3051 .F643 2009 | C13138 | 05/15/2018 | 1 | 01/15/2014 | Books |